[Event "Chinese League (Division A) 2019"]
[Site "China CHN"]
[Date "2019.11.23"]
[Round "18.4"]
[White "Andreikin, Dmitry"]
[Black "Wang, Yiye"]
[Result "1/2-1/2"]
[WhiteElo "2724"]
[BlackElo "2444"]
[PlyCount "176"]
[EventDate "2019.04.09"]
[WhiteTeam "Chongqing Sports lottery chess team"]
[BlackTeam "Beijing team"]

1. d4 Nf6 2. c4 e6 3. Nf3 b6 4. g3 Bb7 5. Bg2 g6 6. Nc3 Bg7 7. d5 O-O 8. O-O
exd5 9. cxd5 Re8 10. Nd4 Na6 11. Bf4 Nh5 12. Bc1 Nf6 13. Ndb5 Nc5 14. d6 cxd6
15. Bxb7 Nxb7 16. Bg5 a6 17. Nxd6 Nxd6 18. Qxd6 Re6 19. Qd3 h6 20. Bxf6 Bxf6
21. Rac1 Bxc3 22. Rxc3 Qe7 23. e3 Rc6 24. Rd1 Qe6 25. a4 Qf6 26. Qxd7 Rxc3 27.
bxc3 Qxc3 28. Qb7 Re8 29. Qxb6 Re6 30. Qd4 Qc6 31. Rb1 Kh7 32. a5 Re4 33. Qa7
Qd5 34. Rb7 Kg7 35. Rd7 Qa2 36. Qxa6 Re6 37. Qd3 Qxa5 38. Qd4+ Qe5 39. g4 Qf6
40. Kg2 Ra6 41. h4 Ra2 42. Qxf6+ Kxf6 43. Rd6+ Kg7 44. g5 h5 45. Rd4 Rb2 46.
Ra4 Rc2 47. e4 Rc3 48. Ra7 Rc4 49. f3 Rc2+ 50. Kg3 Re2 51. Ra1 Kf8 52. Kf4 Rh2
53. Kg3 Re2 54. Rh1 Ra2 55. Kf4 Ke7 56. Rb1 Rh2 57. Kg3 Re2 58. Rb8 Re1 59.
Rb7+ Ke6 60. Kf2 Rh1 61. Kg2 Re1 62. Rb4 Re2+ 63. Kg3 Ra2 64. Rb3 Re2 65. Rb7
Re1 66. Rb6+ Ke7 67. Rb4 Rg1+ 68. Kf2 Rh1 69. Kg2 Ra1 70. Rb2 Re1 71. Ra2 Ke6
72. Ra6+ Ke7 73. Ra4 Rb1 74. Ra2 Re1 75. Ra8 Re2+ 76. Kg3 Re1 77. Kf4 Rh1 78.
Ke5 Rxh4 79. f4 Rg4 80. f5 gxf5 81. Ra7+ Kf8 82. exf5 Rb4 83. f6 Rb5+ 84. Kd6
Kg8 85. g6 Rb6+ 86. Ke5 Rb5+ 87. Kd6 Rb6+ 88. Ke5 Rb5+ 1/2-1/2

[Event "Chinese League (Division A) 2019"]
[Site "China CHN"]
[Date "2019.11.23"]
[Round "18.4"]
[White "Zeng, Chongsheng"]
[Black "Yu, Yangyi"]
[Result "1-0"]
[WhiteElo "2552"]
[BlackElo "2738"]
[PlyCount "126"]
[EventDate "2019.04.09"]
[WhiteTeam "Chongqing Sports lottery chess team"]
[BlackTeam "Beijing team"]

1. c4 e5 2. Nc3 Nf6 3. Nf3 Nc6 4. d3 d5 5. cxd5 Nxd5 6. e4 Nf6 7. h3 Bc5 8. Be3
Bb6 9. Be2 O-O 10. O-O Qe7 11. Rc1 Rd8 12. a3 Be6 13. Qc2 Nh5 14. Na4 Nf4 15.
Bxf4 exf4 16. Nc5 Nd4 17. Nxd4 Rxd4 18. Nxb7 Qg5 19. Kh2 h5 20. Bf3 Bg4 21. b4
Rb8 22. Nc5 Rbd8 23. Qe2 Bxf3 24. Qxf3 a5 25. Rc4 Rxc4 26. dxc4 Bxc5 27. bxc5
Rd4 28. Rb1 Qe5 29. Rb5 Rxc4 30. Rxa5 Rc3 31. Ra8+ Kh7 32. Re8 Rxf3 33. Rxe5
Rxa3 34. Rxh5+ Kg6 35. Rf5 Rc3 36. h4 f6 37. h5+ Kh6 38. f3 c6 39. Kh3 Rc2 40.
Kg4 Rxg2+ 41. Kxf4 Rc2 42. Ke3 Rc1 43. f4 Re1+ 44. Kd3 Rd1+ 45. Ke2 Rh1 46. e5
fxe5 47. Rxe5 Rh3 48. Re3 Rh1 49. Re8 g6 50. Re6 Kxh5 51. Rxc6 Kg4 52. Rxg6+
Kf5 53. Rg8 Kxf4 54. Kd3 Ke5 55. Kc4 Ke6 56. Rd8 Ke7 57. Rd2 Rh8 58. Kb5 Rg8
59. Kb6 Ke6 60. c6 Rb8+ 61. Kc7 Rh8 62. Kb7 Rh1 63. Rb2 Kd5 1-0

[Event "Chinese League (Division A) 2019"]
[Site "China CHN"]
[Date "2019.11.23"]
[Round "18.6"]
[White "Chu, Wei Chao"]
[Black "Grischuk, Alexander"]
[Result "0-1"]
[WhiteElo "2422"]
[BlackElo "2777"]
[PlyCount "114"]
[EventDate "2019.04.09"]
[WhiteTeam "Zhihui Sports chess team of Tianjin"]
[BlackTeam "China Mobil Shanghai Chess Club"]

1. d4 d5 2. c4 c6 3. Nf3 Nf6 4. Nc3 e6 5. g3 dxc4 6. Bg2 Nbd7 7. a4 Bb4 8. O-O
O-O 9. Qc2 Qe7 10. Na2 Bd6 11. Qxc4 e5 12. dxe5 Nxe5 13. Qc2 Nxf3+ 14. exf3 a5
15. Nc3 h6 16. Bd2 Be6 17. Rfe1 Qc7 18. Ne4 Nxe4 19. fxe4 Bb4 20. Bf4 Qe7 21.
Red1 Qc5 22. Qd3 Qb6 23. Be3 Bc5 24. Bxc5 Qxc5 25. Bf1 Qb4 26. Qd4 Rfd8 27.
Qxd8+ Rxd8 28. Rxd8+ Kh7 29. Bd3 g6 30. h4 Kg7 31. e5 Qxb2 32. Re1 Qd2 33. Re3
Qd1+ 34. Kg2 Qxa4 35. Be4 h5 36. Bf3 Qb5 37. Ra8 a4 38. Ra7 Bb3 39. Re4 Qb6 40.
Ra8 Qc5 41. Re3 b5 42. Rd8 Be6 43. Ra8 Qc2 44. Re2 Qc1 45. Re3 Bc4 46. Be2 Bd5+
47. Bf3 Bc4 48. Be2 Bxe2 49. Rxe2 Qc4 50. Re3 Qd5+ 51. Kh2 Qd7 52. Rb8 Qa7 53.
Re8 a3 54. e6 a2 55. e7 a1=Q 56. Rd8 Qxe7 57. Rxe7 Qf6 0-1

[Event "Chinese League (Division A) 2019"]
[Site "China"]
[Date "2019.12.04"]
[Round "19"]
[White "Harikrishna, Pentala"]
[Black "Bai, Jinshi"]
[Result "1/2-1/2"]
[WhiteElo "2724"]
[BlackElo "2600"]
[PlyCount "122"]
[EventDate "2019.04.09"]
[WhiteTeam "China Mobil Shanghai Chess Club"]
[BlackTeam "Hangzhou Bank Team"]

1. e4 e5 2. Nf3 Nf6 3. Nxe5 d6 4. Nd3 Nxe4 5. Qe2 Qe7 6. Nf4 Nc6 7. c3 Nf6 8.
d4 g5 9. Qxe7+ Bxe7 10. Ne2 Nd5 11. Ng3 h5 12. Bd3 h4 13. Ne2 f5 14. Nd2 f4 15.
h3 O-O 16. Nf3 Bf5 17. Bxf5 Rxf5 18. O-O Re8 19. Bd2 Nf6 20. Rae1 d5 21. Nc1
Ne4 22. Nd3 Bd6 23. Bc1 Re7 24. Re2 Kg7 25. Rfe1 b5 26. Nd2 Nxd2 27. Rxe7+ Bxe7
28. Bxd2 Kf7 29. Ra1 Ke6 30. a4 bxa4 31. Rxa4 a5 32. Kf1 Rf8 33. Ke2 Rb8 34.
Kd1 Bd6 35. Kc2 Kf5 36. Ra1 Re8 37. b3 Rb8 38. Rf1 Ra8 39. g4+ Ke6 40. Ra1 Rb8
41. Ne1 Be7 42. Nf3 Bf6 43. Bc1 Kd7 44. Ba3 Re8 45. Kd3 Rb8 46. Nd2 Nd8 47. Kc2
Nb7 48. Nf3 Rc8 49. Re1 Re8 50. Rxe8 Kxe8 51. Kd3 Kd7 52. c4 c6 53. Bf8 Nd8 54.
Ba3 Ne6 55. Bb2 Kc7 56. Bc3 Kb6 57. Kc2 Ka6 58. Kb2 Be7 59. Ne5 Nd8 60. Kc2 Bd6
61. Nf3 Ne6 1/2-1/2

[Event "Chinese League (Division A) 2019"]
[Site "China"]
[Date "2019.12.04"]
[Round "19"]
[White "Lin, Yi"]
[Black "Andreikin, Dmitry"]
[Result "1/2-1/2"]
[WhiteElo "2415"]
[BlackElo "2724"]
[PlyCount "72"]
[EventDate "2019.04.09"]
[WhiteTeam "Hangzhou Hongda team"]
[BlackTeam "Chongqing Sports lottery chess team"]

1. d4 d5 2. c4 e6 3. Nf3 c6 4. e3 Nf6 5. Bd3 dxc4 6. Bxc4 Nbd7 7. O-O Bd6 8.
Nc3 b5 9. Bd3 Bb7 10. e4 e5 11. Bg5 O-O 12. dxe5 Nxe5 13. Nxe5 Bxe5 14. f4 Bxc3
15. bxc3 c5 16. e5 Qd5 17. Qc2 c4 18. Bf5 Ne4 19. Be7 Rfe8 20. Rad1 Qc6 21.
Bxe4 Qxe4 22. Qxe4 Bxe4 23. Rd7 Bf5 24. Rb7 Reb8 25. Rxb8+ Rxb8 26. Rd1 Bd3 27.
Kf2 h5 28. h3 Re8 29. Bd6 h4 30. Re1 Kh7 31. Re3 Re6 32. a3 Bf5 33. g4 hxg3+
34. Rxg3 Kg8 35. h4 Rh6 36. Be7 Kh7 1/2-1/2

[Event "Chinese League (Division A) 2019"]
[Site "China"]
[Date "2019.12.04"]
[Round "19"]
[White "Yu, Yangyi"]
[Black "Peng, Xiongjian"]
[Result "1/2-1/2"]
[WhiteElo "2738"]
[BlackElo "2489"]
[PlyCount "63"]
[EventDate "2019.04.09"]
[WhiteTeam "Beijing team"]
[BlackTeam "Chongqing Jiulongpo Yucai Chess team"]

1. e4 e5 2. Nf3 Nc6 3. Bb5 Nf6 4. O-O Nxe4 5. d4 Nd6 6. Bxc6 dxc6 7. dxe5 Nf5
8. Qxd8+ Kxd8 9. Nc3 Ke8 10. a4 a5 11. Rd1 h5 12. Bg5 Be6 13. Ne2 Bd5 14. Nfd4
Nxd4 15. Nxd4 Be7 16. h4 Bxg5 17. hxg5 g6 18. Rd2 Ke7 19. Rad1 Rhd8 20. b3 Be6
21. c4 Rd7 22. Kf1 Rad8 23. Ke2 Ke8 24. Ke3 Ke7 25. f3 Rh8 26. Ne2 Rhd8 27.
Rxd7+ Rxd7 28. Rh1 Bf5 29. Nd4 Be6 30. Ne2 Bf5 31. Nd4 Be6 32. Ne2 1/2-1/2

[Event "Chinese League (Division A) 2019"]
[Site "China"]
[Date "2019.12.04"]
[Round "19"]
[White "Zvjaginsev, Vadim"]
[Black "Wang, Hao"]
[Result "1/2-1/2"]
[WhiteElo "2627"]
[BlackElo "2756"]
[PlyCount "60"]
[EventDate "2019.04.09"]
[WhiteTeam "Zhejiang team"]
[BlackTeam "Guangdong Shenzhen Longgang Chess team"]

1. Nf3 d5 2. e3 Nf6 3. c4 c6 4. Nc3 e6 5. b3 Bd6 6. Bb2 O-O 7. d4 Nbd7 8. Be2
b6 9. O-O Bb7 10. Qc2 Qe7 11. Rac1 Rac8 12. Rfd1 Rfe8 13. Qb1 a6 14. g3 Bb4 15.
Qa1 dxc4 16. bxc4 c5 17. a3 Ba5 18. Nd2 cxd4 19. exd4 e5 20. d5 b5 21. cxb5
axb5 22. Bxb5 Bxc3 23. Bxc3 Bxd5 24. Bb4 Qe6 25. Rxc8 Rxc8 26. Rc1 Rb8 27. Bf1
Bb7 28. Bc4 Qh3 29. Bf1 Qe6 30. Bc4 Qh3 1/2-1/2

[Event "Chinese League (Division A) 2019"]
[Site "China"]
[Date "2019.12.04"]
[Round "19"]
[White "Dubov, Daniil"]
[Black "Wei, Yi"]
[Result "0-1"]
[WhiteElo "2690"]
[BlackElo "2725"]
[PlyCount "120"]
[EventDate "2019.04.09"]
[WhiteTeam "Chengdu Beilei Youth Chess Club"]
[BlackTeam "Jiangsu team"]

1. Nf3 Nf6 2. c4 c5 3. Nc3 Nc6 4. d4 cxd4 5. Nxd4 e6 6. g3 Qb6 7. e3 Be7 8. Bg2
O-O 9. O-O Rd8 10. b3 d5 11. cxd5 Nxd4 12. Qxd4 Qxd4 13. exd4 Bb4 14. Bd2 Bxc3
15. Bxc3 Nxd5 16. Rfc1 b6 17. Bd2 Bb7 18. Rc2 Rd7 19. Rac1 Rad8 20. a4 a5 21.
Rb2 h6 22. h4 Ne7 23. Bxb7 Rxb7 24. b4 axb4 25. Rxb4 Ra7 26. Rxb6 Rxa4 27. Be3
Nd5 28. Rb3 h5 29. Rb7 Ra3 30. Bg5 f6 31. Bf4 Kh7 32. Bd2 Rd3 33. Be1 Rxd4 34.
Ra1 Kh6 35. Kf1 Rc8 36. Rb2 Kg6 37. Re2 Rc6 38. Kg2 Ne7 39. Rea2 e5 40. Ra4 Nf5
41. Rxd4 Nxd4 42. Bd2 Rc7 43. Ra4 Kf5 44. Be3 Nc2 45. Bd2 Rd7 46. Bc3 Rc7 47.
Bd2 Nd4 48. Be3 Ke4 49. Ra8 Nc2 50. Bd2 Rd7 51. Bc3 Kd3 52. Ba5 Rd5 53. Rd8
Rxd8 54. Bxd8 f5 55. Be7 Ke2 56. Bf8 g6 57. Bg7 Ne1+ 58. Kg1 Nd3 59. Bh8 e4 60.
Bd4 Nxf2 0-1

[Event "Chinese League (Division A) 2019"]
[Site "China"]
[Date "2019.12.05"]
[Round "20"]
[White "Wei, Yi"]
[Black "Zvjaginsev, Vadim"]
[Result "1-0"]
[WhiteElo "2725"]
[BlackElo "2627"]
[PlyCount "105"]
[EventDate "2019.04.09"]
[WhiteTeam "Jiangsu team"]
[BlackTeam "Zhejiang team"]

1. e4 c5 2. Nf3 Nc6 3. d4 cxd4 4. Nxd4 g6 5. c4 Nf6 6. Nc3 d6 7. Be2 Nxd4 8.
Qxd4 Bg7 9. Be3 O-O 10. Qd3 a5 11. O-O a4 12. Bd4 Qa5 13. Rad1 Re8 14. f4 e5
15. fxe5 dxe5 16. Be3 Be6 17. Nd5 Nd7 18. Kh1 Kh8 19. b4 axb3 20. axb3 Rec8 21.
b4 Qa3 22. Qd2 Qa2 23. c5 Qxd2 24. Bxd2 Ra2 25. Bc4 Rc2 26. Bd3 Ra2 27. Bc4 Rc2
28. Bb3 Rb2 29. Ba4 Nb8 30. Bc3 Ra2 31. Nb6 Rg8 32. Ra1 Re2 33. Rfe1 Rxe1+ 34.
Bxe1 f5 35. exf5 gxf5 36. Rd1 e4 37. b5 f4 38. Rd6 Bg4 39. h3 Be2 40. c6 bxc6
41. bxc6 Na6 42. Bc2 e3 43. Nd5 f3 44. Nxe3 fxg2+ 45. Kxg2 Be5+ 46. Kf2 Bb5 47.
Nf5 Nc7 48. Ba5 Re8 49. Rh6 Bg7 50. Nxg7 Re2+ 51. Kg3 Rxc2 52. Nf5 Nd5 53. Rd6
1-0

[Event "Chinese League (Division A) 2019"]
[Site "China"]
[Date "2019.12.05"]
[Round "20"]
[White "Predke, Alexandr"]
[Black "Yu, Yangyi"]
[Result "1/2-1/2"]
[WhiteElo "2676"]
[BlackElo "2738"]
[PlyCount "60"]
[EventDate "2019.04.09"]
[WhiteTeam "Guangdong Shenzhen Longgang Chess team"]
[BlackTeam "Beijing team"]

1. e4 e5 2. Nf3 Nf6 3. d4 Nxe4 4. Bd3 d5 5. Nxe5 Bd6 6. O-O O-O 7. c4 c5 8.
cxd5 Nf6 9. Bg5 cxd4 10. Nf3 Be7 11. Re1 h6 12. Bh4 Nxd5 13. Bxe7 Nxe7 14. Nxd4
Nbc6 15. Nxc6 Nxc6 16. Nc3 Be6 17. Qf3 Nd4 18. Qxb7 Rb8 19. Qe4 Bf5 20. Qe3
Bxd3 21. Qxd3 Rxb2 22. Rad1 Ne6 23. Qxd8 Nxd8 24. Rb1 Rc2 25. Rbc1 Rxc1 26.
Rxc1 Ne6 27. Kf1 Rb8 28. Rb1 Rc8 29. Nd5 Rc2 30. Nb4 Rc4 1/2-1/2

[Event "Chinese League (Division A) 2019"]
[Site "China"]
[Date "2019.12.05"]
[Round "20"]
[White "Wang, Hao"]
[Black "Li, Chao b"]
[Result "1-0"]
[WhiteElo "2756"]
[BlackElo "2690"]
[PlyCount "213"]
[EventDate "2019.04.09"]
[WhiteTeam "Guangdong Shenzhen Longgang Chess team"]
[BlackTeam "Beijing team"]

1. e4 e5 2. Nf3 Nf6 3. Nxe5 d6 4. Nf3 Nxe4 5. Nc3 Nxc3 6. dxc3 Be7 7. Be3 Nc6
8. Qd2 Bf5 9. O-O-O Qd7 10. Kb1 a6 11. Be2 Bf6 12. Nd4 Nxd4 13. Bxd4 Bxd4 14.
Qxd4 O-O 15. g4 Be6 16. Bf3 Qb5 17. a4 Qa5 18. Bxb7 Rab8 19. Bc6 Bxg4 20. Rhg1
Qb6 21. b3 Qxd4 22. Rxd4 Bf5 23. Kb2 Rb6 24. Bf3 Re8 25. a5 Rbb8 26. Rb4 Kf8
27. Rg3 Bd7 28. Bg2 Bb5 29. c4 c5 30. cxb5 cxb4 31. bxa6 Rb5 32. Bc6 Rxa5 33.
Bxe8 Kxe8 34. Rxg7 Rxa6 35. Rxh7 Ra5 36. Rh4 Rf5 37. f4 Rd5 38. Rh3 Kd7 39. Kc1
Rd4 40. Rf3 Ke6 41. h4 Kf6 42. Rd3 Rxd3 43. cxd3 Kg6 44. Kd2 f5 45. Ke3 Kh5 46.
Kd4 Kxh4 47. Kd5 Kg4 48. d4 Kxf4 49. Kxd6 Kg4 50. Kc5 f4 51. d5 f3 52. d6 f2
53. d7 f1=Q 54. d8=Q Qe1 55. Qd4+ Kh5 56. Kb5 Kh6 57. Ka4 Kg6 58. Qxb4 Qd1 59.
Qc4 Kh6 60. Kb5 Kh5 61. Kc6 Qa1 62. Qc5+ Kh4 63. b4 Qf6+ 64. Qd6 Qc3+ 65. Kb7
Qc4 66. Qd8+ Kh5 67. Qe8+ Kh4 68. Qe7+ Kh3 69. Qd7+ Kh4 70. Qd8+ Kh5 71. Qd6
Kh4 72. Kb6 Qc3 73. b5 Qe3+ 74. Kc7 Qa7+ 75. Kc6 Qa4 76. Kb6 Qc4 77. Qe5 Qc8
78. Qe7+ Kh3 79. Ka7 Qc4 80. b6 Qd4 81. Qe6+ Kh4 82. Kb7 Kh5 83. Qf7+ Kh4 84.
Qf5 Qd6 85. Qe4+ Kh5 86. Qh7+ Kg5 87. Qc7 Qd5+ 88. Kb8 Kh5 89. Qh7+ Kg5 90.
Qe7+ Kh5 91. b7 Qg8+ 92. Kc7 Qc4+ 93. Kd8 Qd5+ 94. Qd7 Qa5+ 95. Ke8 Qe5+ 96.
Kf7 Qf4+ 97. Kg8 Qg5+ 98. Qg7 Qb5 99. Qf7+ Kg5 100. Qe7+ Kg4 101. Qg7+ Kh5 102.
Qe7 Kg4 103. Kf7 Kh5 104. Kf8 Kg4 105. Qc7 Qf5+ 106. Kg8 Qd5+ 107. Kh8 1-0

[Event "Chinese League (Division A) 2019"]
[Site "China"]
[Date "2019.12.05"]
[Round "20"]
[White "Zeng, Chongsheng"]
[Black "Harikrishna, Pentala"]
[Result "1-0"]
[WhiteElo "2552"]
[BlackElo "2724"]
[PlyCount "73"]
[EventDate "2019.04.09"]
[WhiteTeam "Chongqing Sports lottery chess team"]
[BlackTeam "China Mobil Shanghai Chess Club"]

1. c4 e6 2. Nf3 d5 3. g3 Nf6 4. Bg2 Be7 5. O-O O-O 6. d4 dxc4 7. Ne5 c5 8. dxc5
Qc7 9. Nxc4 Qxc5 10. b3 Rd8 11. Nbd2 Qc7 12. Bb2 Nc6 13. Rc1 Bd7 14. e4 Ne8 15.
e5 Nb4 16. Nd6 Bc6 17. N2e4 f5 18. Nc5 Bxg2 19. Nxe6 Qd7 20. Nxd8 Bxf1 21. Qxf1
Nxd6 22. exd6 Qxd6 23. Rd1 Qc7 24. Ne6 Qc2 25. Bxg7 Qxa2 26. Rd7 Nc6 27. Nd4
Re8 28. Nxf5 Qc2 29. Qb5 Qe4 30. Rxb7 Bg5 31. Qc4+ Qxc4 32. bxc4 Re1+ 33. Kg2
a5 34. Bc3 Rc1 35. Bb2 Rc2 36. Rg7+ Kh8 37. Rxg5+ 1-0

[Event "Chinese League (Division A) 2019"]
[Site "China"]
[Date "2019.12.05"]
[Round "20"]
[White "Andreikin, Dmitry"]
[Black "Xu, Yi"]
[Result "1-0"]
[WhiteElo "2724"]
[BlackElo "2542"]
[PlyCount "63"]
[EventDate "2019.04.09"]
[WhiteTeam "Chongqing Sports lottery chess team"]
[BlackTeam "China Mobil Shanghai Chess Club"]

1. e4 e5 2. Nf3 Nf6 3. Nxe5 d6 4. Nf3 Nxe4 5. Bd3 Nf6 6. O-O Be7 7. c3 O-O 8.
Bc2 Re8 9. d4 Nbd7 10. Re1 b6 11. c4 Bb7 12. Nc3 Bf8 13. Rxe8 Qxe8 14. Bf4 g6
15. d5 Bg7 16. Qd2 a6 17. Bh6 Bxh6 18. Qxh6 Qf8 19. Qd2 Re8 20. h3 Ne5 21. Nxe5
Rxe5 22. b4 Qe8 23. Rf1 Bc8 24. f4 Re7 25. Rf3 Bf5 26. Bxf5 gxf5 27. Kh2 Re1
28. Qd3 Ne4 29. Qd4 f6 30. Nxe4 fxe4 31. Rg3+ Kf7 32. Qd2 1-0

[Event "Chinese League (Division A) 2019"]
[Site "China CHN"]
[Date "2019.12.06"]
[Round "21.2"]
[White "Dai, Changren"]
[Black "Andreikin, Dmitry"]
[Result "0-1"]
[WhiteElo "2511"]
[BlackElo "2724"]
[PlyCount "68"]
[EventDate "2019.04.09"]
[WhiteTeam "Zhihui Sports chess team of Tianjin"]
[BlackTeam "Chongqing Sports lottery chess team"]

1. e4 c5 2. Nf3 d6 3. Bb5+ Nd7 4. O-O a6 5. Bd3 Ngf6 6. c3 b5 7. Bc2 Bb7 8. Re1
Rc8 9. a4 b4 10. d3 a5 11. Nbd2 g6 12. Nc4 Bg7 13. Bg5 O-O 14. Bb3 d5 15. exd5
Bxd5 16. Nfd2 h6 17. Bh4 Ba8 18. Qc2 bxc3 19. bxc3 g5 20. Bg3 Nd5 21. Ne3 Nf4
22. Nf5 e6 23. Nxg7 Kxg7 24. f3 Nf6 25. Bc4 N6h5 26. Bf2 g4 27. fxg4 Qg5 28.
Qd1 f5 29. Bg3 Nxg2 30. Rxe6 Nhf4 31. h4 Nxh4 32. Qe1 Nxe6 33. Qxe6 Rce8 34.
Be5+ Kh7 0-1

[Event "Chinese League (Division A) 2019"]
[Site "China CHN"]
[Date "2019.12.06"]
[Round "21.4"]
[White "Xiang, Zeyu"]
[Black "Wang, Hao"]
[Result "0-1"]
[WhiteElo "2446"]
[BlackElo "2756"]
[PlyCount "90"]
[EventDate "2019.04.09"]
[WhiteTeam "Hangzhou Hongda team"]
[BlackTeam "Guangdong Shenzhen Longgang Chess team"]

1. d4 Nf6 2. c4 g6 3. Nc3 Bg7 4. e4 d6 5. Nf3 O-O 6. Be2 c5 7. d5 e6 8. O-O
exd5 9. exd5 Re8 10. Re1 Bf5 11. Bd3 Bg4 12. Rxe8+ Nxe8 13. Bd2 Nd7 14. h3 Bxf3
15. Qxf3 Ne5 16. Qe2 a6 17. Re1 Nc7 18. a4 Nxd3 19. Qxd3 Qd7 20. b3 Re8 21.
Rxe8+ Nxe8 22. Ne2 Nf6 23. Bc3 Qe7 24. f3 h5 25. Kf2 h4 26. Qe3 Qd8 27. Qd2 Nh5
28. Bxg7 Nxg7 29. Nc3 Nf5 30. Ne4 b5 31. cxb5 Qb6 32. Qc3 c4+ 33. Ke2 cxb3 34.
Nf6+ Kg7 35. Ne4+ Kf8 36. Kd2 axb5 37. Qxb3 Qd4+ 38. Qd3 Qxd3+ 39. Kxd3 bxa4
40. Kc4 Ne3+ 41. Kb4 Nxg2 42. Nxd6 Nf4 43. Kxa4 Nxh3 44. Kb5 Ng5 45. Kc6 h3 0-1

[Event "Chinese League (Division A) 2019"]
[Site "China CHN"]
[Date "2019.12.06"]
[Round "21.5"]
[White "Yu, Yangyi"]
[Black "Ganguly, Surya Shekhar"]
[Result "1/2-1/2"]
[WhiteElo "2738"]
[BlackElo "2633"]
[PlyCount "69"]
[EventDate "2019.04.09"]
[WhiteTeam "Beijing team"]
[BlackTeam "Jiangsu team"]

1. c4 Nf6 2. Nc3 e6 3. Nf3 d5 4. e3 b6 5. b3 Bb7 6. Bb2 Nbd7 7. Rc1 a6 8. cxd5
exd5 9. d4 Bd6 10. g3 O-O 11. Bg2 Re8 12. O-O Ne4 13. Rc2 Qe7 14. Qc1 Rac8 15.
Rd1 h6 16. Nxe4 dxe4 17. Ne5 Nxe5 18. dxe5 Bxe5 19. Bxe5 Qxe5 20. Rd7 Red8 21.
Bh3 Rxd7 22. Bxd7 Rd8 23. Rxc7 Bd5 24. Rc8 Qe7 25. Qc7 Rxc8 26. Qxc8+ Kh7 27.
Bh3 Bb7 28. Qb8 a5 29. Bf1 Qd7 30. h4 b5 31. a3 Bc6 32. Qb6 Qd5 33. b4 axb4 34.
axb4 Bd7 35. Qd4 1/2-1/2

[Event "Chinese League (Division A) 2019"]
[Site "China CHN"]
[Date "2019.12.06"]
[Round "21.5"]
[White "Li, Chao b"]
[Black "Wei, Yi"]
[Result "1/2-1/2"]
[WhiteElo "2690"]
[BlackElo "2725"]
[PlyCount "72"]
[EventDate "2019.04.09"]
[WhiteTeam "Beijing team"]
[BlackTeam "Jiangsu team"]

1. e4 e5 2. Nf3 Nc6 3. Bb5 Nf6 4. O-O Nxe4 5. d4 Nd6 6. Bxc6 dxc6 7. dxe5 Nf5
8. Qxd8+ Kxd8 9. Rd1+ Ke8 10. Nc3 h5 11. h3 Be7 12. Ne2 Nh4 13. Nxh4 Bxh4 14.
Be3 Be7 15. Rd2 h4 16. Rad1 Rh5 17. f4 f6 18. exf6 gxf6 19. Nd4 Kf7 20. c4 Bc5
21. b3 Be6 22. Bf2 Bxd4 23. Rxd4 a5 24. Rd8 Rxd8 25. Rxd8 b6 26. Kf1 a4 27. Ke2
axb3 28. axb3 Ke7 29. Rd4 c5 30. Rd2 Rh8 31. Kf3 Bf5 32. Be1 Kf7 33. Re2 Bd3
34. Rd2 Bf5 35. Re2 Bd3 36. Rd2 Bf5 1/2-1/2

[Event "Chinese League (Division A) 2019"]
[Site "China CHN"]
[Date "2019.12.07"]
[Round "22.2"]
[White "Xu, Xiangyu"]
[Black "Yu, Yangyi"]
[Result "1/2-1/2"]
[WhiteElo "2582"]
[BlackElo "2738"]
[PlyCount "66"]
[EventDate "2019.04.09"]
[WhiteTeam "Chengdu Beilei Youth Chess Club"]
[BlackTeam "Beijing team"]

1. d4 Nf6 2. Bf4 d5 3. e3 Bf5 4. Bd3 Bxd3 5. cxd3 e6 6. Qb3 b6 7. Nc3 Bd6 8.
Bxd6 cxd6 9. Nf3 O-O 10. Rc1 Qd7 11. O-O Nc6 12. e4 Na5 13. Qd1 Rac8 14. Re1
Rfd8 15. h3 h6 16. Nh4 dxe4 17. dxe4 b5 18. d5 b4 19. dxe6 fxe6 20. Nb1 Rxc1
21. Qxc1 Qc6 22. Qd2 Qb6 23. Qe2 Nc6 24. Nd2 Ne5 25. Nhf3 Nfd7 26. Rc1 Rf8 27.
b3 a5 28. Rc2 Kh7 29. Kh2 Qa7 30. Kg1 a4 31. Qb5 axb3 32. axb3 Rb8 33. Qe2 Rf8
1/2-1/2

[Event "Chinese League (Division A) 2019"]
[Site "China CHN"]
[Date "2019.12.07"]
[Round "22.3"]
[White "Wei, Yi"]
[Black "Lin, Yi"]
[Result "1-0"]
[WhiteElo "2725"]
[BlackElo "2415"]
[PlyCount "57"]
[EventDate "2019.04.09"]
[WhiteTeam "Jiangsu team"]
[BlackTeam "Hangzhou Hongda team"]

1. e4 e5 2. Nf3 Nf6 3. Nxe5 d6 4. Nf3 Nxe4 5. Nc3 Nxc3 6. dxc3 Be7 7. Be3 Nc6
8. Bd3 Bf6 9. h3 Be6 10. Qe2 O-O 11. g4 g6 12. O-O-O Re8 13. Kb1 Rb8 14. Nd2
Bg7 15. Rhe1 b5 16. Bxb5 Bxc3 17. Nb3 Bxb3 18. axb3 Bxe1 19. Bxc6 Ba5 20. Bxe8
Qxe8 21. Qf3 Bb6 22. Bd2 Bd4 23. Ba5 c5 24. Bc7 Rc8 25. Bxd6 Rc6 26. Bg3 Rf6
27. Qd3 Kg7 28. b4 Qa4 29. bxc5 1-0

[Event "Chinese League (Division A) 2019"]
[Site "China CHN"]
[Date "2019.12.07"]
[Round "22.4"]
[White "Wang, Hao"]
[Black "Harikrishna, Pentala"]
[Result "1/2-1/2"]
[WhiteElo "2756"]
[BlackElo "2724"]
[PlyCount "60"]
[EventDate "2019.04.09"]
[WhiteTeam "Guangdong Shenzhen Longgang Chess team"]
[BlackTeam "China Mobil Shanghai Chess Club"]

1. e4 e5 2. Nf3 Nc6 3. Bb5 Nf6 4. O-O Nxe4 5. Re1 Nd6 6. Nxe5 Be7 7. Bf1 Nxe5
8. Rxe5 O-O 9. Nc3 Ne8 10. Nd5 Bd6 11. Re1 c6 12. Ne3 Be7 13. c4 Nc7 14. d4 d5
15. cxd5 Bb4 16. Bd2 Bxd2 17. Qxd2 Nxd5 18. Nxd5 Qxd5 19. Re5 Qd6 20. Bc4 Bd7
21. Rae1 b5 22. Bb3 a5 23. a4 bxa4 24. Bxa4 Be6 25. Rxa5 Rxa5 26. Qxa5 Qxd4 27.
Bxc6 Qxb2 28. Bd5 Bxd5 29. Qxd5 Qc3 30. Qe4 g6 1/2-1/2

[Event "Chinese League (Division A) 2019"]
[Site "China CHN"]
[Date "2019.12.07"]
[Round "22.6"]
[White "Andreikin, Dmitry"]
[Black "Ma, Qun"]
[Result "1/2-1/2"]
[WhiteElo "2724"]
[BlackElo "2627"]
[PlyCount "111"]
[EventDate "2019.04.09"]
[WhiteTeam "Chongqing Sports lottery chess team"]
[BlackTeam "Hangzhou Bank Team"]

1. e4 e5 2. Nf3 Nc6 3. Bb5 Nf6 4. O-O Nxe4 5. d4 Nd6 6. Bxc6 dxc6 7. dxe5 Nf5
8. Qxd8+ Kxd8 9. Rd1+ Ke8 10. Nc3 b6 11. a4 a5 12. Bf4 Be6 13. Ng5 Be7 14. Nxe6
fxe6 15. g4 Nh4 16. Bg3 h5 17. h3 hxg4 18. hxg4 g5 19. Rd3 Ng6 20. Rad1 Rd8 21.
Rxd8+ Bxd8 22. Kg2 Be7 23. Ne4 c5 24. Kf3 Nf8 25. Nf6+ Kf7 26. Ke4 Rh6 27. b3
Rh8 28. Nh5 Ng6 29. Rd7 Rc8 30. f3 Nf8 31. Rd3 Rd8 32. Nf6 Ng6 33. Rxd8 Bxd8
34. Nh5 Be7 35. Bf2 Nf8 36. Ng3 Nd7 37. Ne2 Nb8 38. Be1 Nc6 39. Bc3 Bf8 40. Ng1
Be7 41. Nh3 Nb8 42. Nf2 Nd7 43. Kd3 Bf8 44. Ne4 Kg6 45. Kc4 c6 46. Nf6 Nxf6 47.
exf6 Bd6 48. Kd3 e5 49. Bd2 Kxf6 50. Ke4 Be7 51. Bc3 Bd6 52. Bd2 Be7 53. Be3
Ke6 54. Bf2 Bd8 55. Bg3 Bc7 56. c4 1/2-1/2

[Event "GCT London Finals 2019"]
[Site "London ENG"]
[Date "2019.12.06"]
[Round "3"]
[White "Carlsen, Magnus"]
[Black "Aronian, Levon"]
[Result "1-0"]
[WhiteElo "2872"]
[BlackElo "2775"]
[PlyCount "131"]
[EventDate "2019.12.02"]

1. d4 Nf6 2. Nf3 d5 3. Bf4 c5 4. e3 Nc6 5. Nbd2 cxd4 6. exd4 Qb6 7. Nb3 Bg4 8.
a4 a6 9. a5 Qa7 10. c3 e6 11. Be2 Nh5 12. Be3 Qb8 13. h3 Bxf3 14. Bxf3 Nf6 15.
Be2 Bd6 16. Bd3 O-O 17. O-O Qc7 18. Re1 Kh8 19. Qf3 Rae8 20. Bg5 Ng8 21. Re2
Nge7 22. Qh5 Ng6 23. Bc2 Kg8 24. Bd2 Nb4 25. Bb1 Nc6 26. Bd3 Rb8 27. Be3 Rfe8
28. g3 Nf8 29. Bc2 b6 30. axb6 Rxb6 31. Bc1 Reb8 32. Nc5 e5 33. Nxa6 Qa7 34.
dxe5 g6 35. Qg4 Nxe5 36. Qa4 Rc8 37. Be3 d4 38. Bxd4 Nf3+ 39. Kg2 Nxd4 40. Qxd4
Ne6 41. Rxe6 fxe6 42. Be4 Rf8 43. Ra2 Rb7 44. Qxa7 Rxa7 45. b4 Rb8 46. c4 Rb6
47. b5 Kf7 48. Rc2 Rbxa6 49. bxa6 Rxa6 50. c5 Be5 51. c6 Ra7 52. h4 Kf6 53. Rd2
Bc3 54. Rd3 Bb4 55. Kh3 Be7 56. f3 e5 57. Rc3 Bd6 58. Rc1 h6 59. Rd1 Be7 60.
Kg4 Kf7 61. Rb1 Bd6 62. h5 gxh5+ 63. Kxh5 Kg7 64. Rd1 Bb4 65. Rd5 Re7 66. Bf5
1-0